00222nam a2200097Ia 4500100001500000654001500015245004600030260002800076300000800104546001200112 aGraf R.F.  aElectronic aThe Encyclopedia of Electronics Circuits bB.P.B.aNew Delhic1995 a760 aENGLISH